000 00441nam a22001457a 4500
008 151208b xxu||||| |||| 00| 0 eng d
020 _a9780141033679
050 _aE178.R469 2009
100 _aReynolds, David
_921288
245 _aAmerica, empire of Liberty
_ba new history
_cDavid Reynolds
260 _aLondon
_bPenguin Books
_c2009
300 _axxv, 673p. ;
_c20cm.
650 _aHistory
_xUnited States
_921289
942 _2lcc
_cMONOGRAPH
999 _c123864
_d123864